Normal view
MARC view
- Bird S.; Klein E. & Loper E
Entry Personal Name
001 - CONTROL NUMBER
- control field: 190786
003 - CONTROL NUMBER IDENTIFIER
- control field: OSt
005 - DATE AND TIME OF LATEST TRANSACTION
- control field: 20230714213234.0
008 - FIXED-LENGTH DATA ELEMENTS
- fixed length control field: 230714|| aca||aabn | a|a d
040 ## - CATALOGING SOURCE
- Original cataloging agency: OSt
- Transcribing agency: OSt
100 ## - HEADING--PERSONAL NAME
- Personal name: Bird S.; Klein E. & Loper E
670 ## - SOURCE DATA FOUND
- Source citation: Work cat.: (OSt)198298: Bird S. 170523, Natural Language Processing With Python, 2019